Statistics for Greek Words in Common English Usage

Click here to take the quiz!

General Stats

  • This quiz has been taken 386 times
  • The average score is 8 of 20

Answer Stats

Hint Answer % Correct
Book of countriesAtlas
81%
Where India and China areAsia
78%
Revelation 1:8I am the Alpha and the {Omega}
75%
Irrational fearPhobia
72%
One's self, as distinct from the idEgo
68%
Hot-drink container (Greek: hot)Thermos
49%
Condition marked by breathing difficultyAsthma
48%
The universeCosmos
48%
How sentences are constructedGrammar
45%
You can call people with one (Greek: voice)Phone
39%
Specialised cell in the nervous system (Greek: nerve)Neuron
35%
Confusion, disorder (Greek: primal emptiness)Chaos
31%
Parallelogram with equal length sidesRhombus
29%
SpiralHelix
26%
Sum total of the features and traits that make up a personCharacter
24%
The quality of evoking pity or compassion through music, theatre, or life experiencePathos
22%
Madness, passion, frenzyMania
18%
Green vegetable - you eat the shoots of the plantAsparagus
16%
Fundamental principle, groundworkBasis
15%
Something you get when recognised for an achievement; GloryKudos
8%

Score Distribution

Percentile by Number Answered

Percent of People with Each Score

Your Score History

You have not taken this quiz